English to Bangla Dictionary/ (Record no. 610)
[ view plain ]
| 000 -LEADER | |
|---|---|
| fixed length control field | 00406nam a22001697a 4500 |
| 003 - CONTROL NUMBER IDENTIFIER | |
| control field | BD-DhUIB |
| 005 - DATE AND TIME OF LATEST TRANSACTION | |
| control field | 20251025184433.0 |
| 008 - FIXED-LENGTH DATA ELEMENTS--GENERAL INFORMATION | |
| fixed length control field | 251025b |||||||| |||| 00| 0 eng d |
| 040 ## - CATALOGING SOURCE | |
| Original cataloging agency | BD-DhUIB |
| Transcribing agency | BD-DhUIB |
| 050 ## - LIBRARY OF CONGRESS CALL NUMBER | |
| Classification number | 423.9144 |
| 082 ## - DEWEY DECIMAL CLASSIFICATION NUMBER | |
| Edition number | 22 |
| 100 ## - MAIN ENTRY--PERSONAL NAME | |
| Personal name | Bangla Academy. |
| 9 (RLIN) | 1046 |
| 245 ## - TITLE STATEMENT | |
| Title | English to Bangla Dictionary/ |
| Statement of responsibility, etc. | by Bangla Academy. |
| 250 ## - EDITION STATEMENT | |
| Edition statement | 2nd ed. |
| 526 ## - STUDY PROGRAM INFORMATION NOTE | |
| Program name | BBA. |
| 942 ## - ADDED ENTRY ELEMENTS (KOHA) | |
| Source of classification or shelving scheme | Dewey Decimal Classification |
| Koha item type | Books |
| Withdrawn status | Lost status | Source of classification or shelving scheme | Damaged status | Not for loan | Collection code | Home library | Current library | Shelving location | Date acquired | Source of acquisition | Total Checkouts | Total Renewals | Full call number | Barcode | Date due | Date last seen | Date last checked out | Copy number | Price effective from | Koha item type |
|---|---|---|---|---|---|---|---|---|---|---|---|---|---|---|---|---|---|---|---|---|
| Dewey Decimal Classification | Non-fiction | IBA Library | IBA Library | General Stacks | 04/17/2016 | Purchase | 1 | 3 | 423.9144 B224e | 00047952 | 03/27/2026 | 10/25/2025 | 10/25/2025 | C-1 | 10/25/2025 | Books | ||||
| Dewey Decimal Classification | Non-fiction | IBA Library | IBA Library | General Stacks | 06/07/2017 | Purchase | 1 | 3 | 423.9144 B224e | 00047953 | 03/28/2026 | 10/25/2025 | 10/25/2025 | C-1 | 10/25/2025 | Books |
